Language Quiz

Random Language or Spanish Quiz
Score 0/85 Timer 15:00
0 Plays Today
clue % Correct
to punishcastigar
76.9%
to outlaw, prohibitprohibir
69.2%
lawyerel abogado
69.2%
judgeel juez
69.2%
to rob, stealrobar
69.2%
to judgejuzgar
61.5%
crimeel crimen
61.5%
violencela violencia
61.5%
safe, secureseguro
61.5%
to spyespiar
61.5%
punishmentel castigo
53.8%
criminalel criminal
53.8%
finela multa
53.8%
witnessel testigo
53.8%
to catch/captureatrapar
46.2%
to imprisonencarcelar
46.2%
authoritieslas autoridades
46.2%
juryel jurado
46.2%
the death penaltyla pena de muerte
46.2%
police forcela policía
46.2%
police officerel policía
46.2%
forbidden, prohibitedprohibido
46.2%
to murder, assassinateasesinar
46.2%
to kidnap, hijacksecuestrar
46.2%
to rapeviolar
46.2%
blackmailel chantaje
46.2%
thief, robberyel robo
46.2%
terrorismel terrorismo
46.2%
terroristel terrorista
46.2%
clue % Correct
trapla trampa
46.2%
to break the lawviolar la ley
38.5%
prison, jailla cárcel
38.5%
delinquent; criminalel delincuente
38.5%
female police officerla mujer policía
38.5%
victimla víctima
38.5%
to attack, assaultasaltar
38.5%
to hold up, mugatracar
38.5%
to forge, falsifyfalsificar
38.5%
attack, assaultel asalto
38.5%
murdererel asesino
38.5%
hold up, muggingel atraco
38.5%
spyel espía
38.5%
kidnapping, hijackingel secuestro
38.5%
rapela violación
38.5%
to commit a crimecometer un crimen
30.8%
defendantel acusado
30.8%
delinquency, criminal activityla delincuencia
30.8%
crimeel delito
30.8%
prosecuting attorneyel fiscal
30.8%
to plagiarizeplagiar
30.8%
to blow upvolar
30.8%
murderel asesinato
30.8%
spying, espionageel espionaje
30.8%
person who commits graftel estafador
30.8%
when element preceding 'but' is affirmative, _____ is usedpero
30.8%
to ask a questionpreguntar
30.8%
to ask as in to request something from someonepedir
30.8%
to enforcehacer cumplir
23.1%
clue % Correct
to give a fineponer una multa
23.1%
defense attorneyel abogado defensor
23.1%
to blackmailchantajear
23.1%
to cheathacer trampa
23.1%
to bribesobornar
23.1%
graft, fraudla estafa
23.1%
forgeryla falsificación
23.1%
briberyel soborno
23.1%
______ and ____ ____ are used only after a negative element to mean butsino sino que
23.1%
_____ connects a word or phrase not a whole clausesino
23.1%
____ connects a whole clausesino que
23.1%
_____ can be used after a negative element to mean but in the sense of _______pero however
23.1%
Not Only ........., but also......... expresed in spanish as __ _____........ ______no sólo sino
23.1%
to try or to make an attempt, always followed by infinitivetratar de
23.1%
intentar can be used alone or with lo
23.1%
intentarlo mean ____ ____ ___to try it
23.1%
life imprisonmentla cadena perpetua
15.4%
cheaterel tramposo
15.4%
to try or to make an attemptintenter
15.4%
to deal withtratar de
15.4%
its about or its a question ofse tratar de
15.4%
se tratar de can never be used with a _____ ______specific subject
15.4%
to try as in to taste something thingprobar
15.4%
to ask a questionhacer una pregunta
15.4%
tratar means ______to treat someone or something in a particular way
7.7%
to try as in to try someone out in the sense of getting a taste of him or herprobar
7.7%
to try on clothingprobarse
7.7%
Remove Ads.
Support Sporcle.
Get the best of Sporcle when you Go Orange. This ad-free experience offers more features, more stats, and more fun while also helping to support Sporcle. Thank you for becoming a member.

You're not logged in!

Compare scores with friends on all Sporcle quizzes.
OR
Log In

Show Comments

Extras

Top Quizzes Today


Score Distribution

Your Account Isn't Verified!

In order to create a playlist on Sporcle, you need to verify the email address you used during registration. Go to your Sporcle Settings to finish the process.

Report this User

Report this user for behavior that violates our Community Guidelines.

Details: